000
00313nam a22001337a 4500
008
170622b xxu||||| |||| 00| 0 eng d
020
_a
007557084-X
041
_a
eng
080
_2
7TH
_a
94
100
_a
16
101
_a
SHH
245
_a
A SHORT HISTORY OF WESTERN CIVILIZATION
_c
HARRISON,J.B
942
_2
udc
_c
BK
999
_c
18673
_d
18673